000 00242nam a2200109Ia 4500
999 _c7415
_d7415
020 _a 978-0201543292
100 _aC. J. Date
245 3 _aAn Introduction To Database Systems
260 _aUSA
_bMcGraw-Hill
_c2000
300 _a936
942 _cBK